|
|
|
|
| LEADER |
00000nam0a2200000 4500 |
| 001 |
342110 |
| 005 |
20231102005422.0 |
| 010 |
|
|
|a 9785865477433
|
| 035 |
|
|
|a (RuTPU)RU\TPU\book\370665
|
| 090 |
|
|
|a 342110
|
| 100 |
|
|
|a 20181211d2018 m y0rusy50 ca
|
| 101 |
0 |
|
|a rus
|
| 102 |
|
|
|a RU
|
| 105 |
|
|
|a y j 000zy
|
| 200 |
1 |
|
|a Готовимся к тесту по русскому языку. Первый сертификационный уровень. Общее владение
|e учебное пособие
|f Н. М. Румянцева [и др.]
|
| 205 |
|
|
|a 4-е изд.
|
| 210 |
|
|
|a Санкт-Петербург
|c Златоуст
|d 2018
|
| 215 |
|
|
|a 240 с.
|e CD-ROM
|
| 606 |
1 |
|
|a Русский язык
|x Для других народов
|x Учебные руководства и пособия
|2 stltpush
|3 (RuTPU)RU\TPU\subj\26400
|9 50340
|
| 610 |
1 |
|
|a русский язык для иностранцев
|
| 610 |
1 |
|
|a русский язык как иностранный
|
| 610 |
1 |
|
|a лексика
|
| 610 |
1 |
|
|a грамматика
|
| 610 |
1 |
|
|a чтение
|
| 610 |
1 |
|
|a аудирование
|
| 610 |
1 |
|
|a говорение
|
| 610 |
1 |
|
|a сертификационные экзамены
|
| 610 |
1 |
|
|a тесты
|
| 610 |
1 |
|
|a CD-ROM
|
| 686 |
|
|
|a Ш141.2-96
|v LBC/SL-A
|2 rubbk
|
| 701 |
|
1 |
|a Румянцева
|b Н. М.
|
| 701 |
|
1 |
|a Костина
|b С. Г.
|
| 701 |
|
1 |
|a Жиндаева
|b А. Г.
|
| 701 |
|
1 |
|a Гусева
|b И. С.
|
| 801 |
|
1 |
|a RU
|b 63413507
|c 20181211
|
| 801 |
|
2 |
|a RU
|b 63413507
|c 20221212
|g RCR
|
| 942 |
|
|
|c BK
|